In der Sache J. Robert Oppenheimer : ein Stück und seine Geschichte /

Bibliographic Details
Main Author: Kipphardt, Heinar, 1922-1982
Format: Book
Language:German
Published: Reinbek bei Hamburg : Rowohlt, 1987.
Edition:Werkausg.
Series:Kipphardt, Heinar, 1922-1982. Works. 1986.
Subjects:

MARC

Tag First Indicator Second Indicator Subfields
LEADER 00000cam a2200000 a 4500
001 in00000915524
005 20150924124255.0
008 900416s1987 gw a b 00010 ger c
010 |a  90144965  
020 |a 3499121115 :  |c DM10.80 
035 |a (OCoLC)19783885 
035 |9 AEP0902AM 
040 |a MH  |c HLS  |d TXA  |d UtOrBLW 
049 |a TXAM  |c [A13136778] 
050 1 4 |a PT2671.I6  |b I5 1987 
100 1 |a Kipphardt, Heinar,  |d 1922-1982. 
245 1 0 |a In der Sache J. Robert Oppenheimer :  |b ein Stück und seine Geschichte /  |c Heinar Kipphardt. 
250 |a Werkausg. 
264 1 |a Reinbek bei Hamburg :  |b Rowohlt,  |c 1987. 
300 |a 316 pages, 1 unnumbered page :  |b illustrations ;  |c 19 cm. 
336 |a text  |b txt  |2 rdacontent 
337 |a unmediated  |b n  |2 rdamedia 
338 |a volume  |b nc  |2 rdacarrier 
490 1 |a Gesammelte Werke in Einzelausgaben / Heinar Kipphardt 
500 |a "Rororo 1080." 
504 |a Includes bibliographical references (pages 314-[317]). 
600 1 0 |a Oppenheimer, J. Robert,  |d 1904-1967  |x Drama. 
600 1 0 |a Kipphardt, Heinar,  |d 1922-1982.  |t In der Sache J. Robert Oppenheimer. 
800 1 |a Kipphardt, Heinar,  |d 1922-1982.  |t Works.  |f 1986. 
999 |a MARS 
999 f f |s 3a67a85b-90ae-3ee5-80a9-c759d46e4e9f  |i b0c7ef6a-5e6c-3c27-a35f-7cda166941e8  |t 0 
952 f f |p ric  |a Texas A&M University  |b Rellis Campus  |c Joint Library Facility  |d Remote Storage  |t 0  |e PT2671.I6 I5 1987  |h Library of Congress classification  |i unmediated -- volume  |m A14813136778 
998 f f |a PT2671.I6 I5 1987  |t 0  |l Remote Storage